| 000 | 04491cam a2200397 i 4500 | ||
|---|---|---|---|
| 001 | 18457921 | ||
| 005 | 20260328114417.0 | ||
| 008 | 150121s2015 enk b 001 0 eng | ||
| 010 | _a 2015002845 | ||
| 020 |
_a9781107010499 _qhardback |
||
| 035 | _a18457921 | ||
| 040 |
_aDLC _beng _cDLC _erda _dDLC |
||
| 042 | _apcc | ||
| 043 | _ae------ | ||
| 082 | 0 | 0 |
_a344.2404 HER _223 |
| 100 | 1 |
_aHervey, Tamara K., _eauthor. |
|
| 245 | 1 | 0 |
_aEuropean Union health law : _bthemes and implications / _cTamara K. Hervey and Jean V. McHale. |
| 264 | 1 |
_aCambridge, United Kingdom : _bCambridge University Press, _c2015. |
|
| 300 |
_alxviii, 679 pages ; _c27 cm. |
||
| 336 |
_atext _2rdacontent |
||
| 365 | _bRs. 11133.00 | ||
| 490 | 0 | _aLaw in context | |
| 504 | _aIncludes bibliographical references (pages 559-639) and index. | ||
| 505 | 8 | _aMachine generated contents note: Part I. Introduction: 1. Introduction; 2. What is health law?; 3. What is European Union health law?; Part II. EU Internal Health Law: The Individual Focus: 4. Consumerism: the moving patient; 5. Consumerism: the moving health product or service; 6. Consumerism: the moving health care professional; 7. Rights: health rights as human rights; 8. Rights: mobile patients' rights as human rights; Part III. EU Internal Health Law: The Systemic Focus: 9. Competition, solidarity, equality: health insurance; 10. Competition, solidarity, equality: health institutions and professions; 11. Competition, solidarity, equality: the pharmaceuticals, medical devices and medical equipment industries; 12. Risk: clinical trials; 13. Risk: health system products - pharmaceuticals; 14. Risk: health system products - human blood, tissue and cells, organs; medical devices; 15. Risk: tobacco, food, alcohol; Part IV. EU External Health Law: 16. The global context: institutions and instruments; 17. The global context: consumerism, rights, justice and equality: human organs and access to essential medicines; 18. The global context: opportunities and threats: health knowledge, communicable diseases, global food and tobacco law; Part V. Conclusions: 19. Conclusion. | |
| 520 |
_a"A contextual analysis of the internal logics of EU health law through four themes: consumerism; (human) rights; interactions between equality, solidarity and competition; and risk. Leading authors in the emergent field explain the interactions and implications of EU health law through thematic reinterpretation of the law in context in key substantive areas, such as the regulation of health research, access of patients to high quality care, health care professional regulation, organisation and funding of health care services, and public health. This book offers a fresh perspective and thorough understanding of EU health law through individual and collective or systemic perspectives, and covers health law both within the EU and globally. Essential reading for anyone interested in health law in any EU Member State or in global health law"-- _cProvided by publisher. |
||
| 520 |
_a"A contextual analysis of the internal logics of EU health law through four themes: consumerism; (human) rights; interactions between equality, solidarity and competition; and risk. Leading authors in the emergent field explain the interactions and implications of EU health law through thematic re-interpretation of the law in context in key substantive areas, such as the regulation of health research, access of patients to high quality care, health care professional regulation, organisation and funding of health care services, and public health. This book offers a fresh perspective and thorough understanding of EU health law through individual and collective or systemic perspectives, and covers health law both within the EU and globally. Essential reading for anyone interested in health law in any EU Member State, or in global health law"-- _cProvided by publisher. |
||
| 650 | 0 |
_aPublic health laws _zEuropean Union countries. |
|
| 650 | 0 |
_aMedical care _xLaw and legislation _zEuropean Union countries. |
|
| 650 | 0 |
_aMedical laws and legislation _zEuropean Union countries. |
|
| 650 | 7 |
_aLAW / Medical Law & Legislation. _2bisacsh |
|
| 700 | 1 |
_aMcHale, Jean V. _q(Jean Vanessa), _d1965- _eauthor. |
|
| 906 |
_a7 _bcbc _corignew _d1 _eecip _f20 _gy-gencatlg |
||
| 942 |
_2ddc _cBK |
||
| 999 |
_c217900 _d217900 |
||